La dictadura. Desde los comienzos del pensamiento moderno de la soberanía hasta la lucha de clase proletaria.

Saved in:
Bibliografiske detaljer
Hovedforfatter: Schmitt, Carl, 1888-1985 (autor)
Andre forfattere: Díaz García, José (traducción)
Format: Bog
Sprog:spansk
Udgivet: Madrid, España: Ediciones Revista de Occidente, 1968.
Serier:Biblioteca de Política y Sociología.
Fag:
Tags: Tilføj Tag
Ingen Tags, Vær først til at tagge denne postø!

MARC

LEADER 00000nam a2200000 a 4500
001 UCR4396
003 CL-VaPUC
005 20250327113712.0
008 980307e19680000SP |||||||||||||||||spa|d
999 |c 267339  |d 267337 
040 |c Pontificia Universidad Católica de Valparaíso 
082 0 4 |a 320.53 SCH 1968   |2 21 
100 |a Schmitt, Carl,  |d 1888-1985  |e autor  |9 258380 
245 1 3 |a La dictadura.  |b Desde los comienzos del pensamiento moderno de la soberanía hasta la lucha de clase proletaria.  
260 |a Madrid, España:   |b Ediciones Revista de Occidente,  |c 1968. 
300 |a 338 páginas.  
490 0 |a Biblioteca de Política y Sociología.  
500 |a c.2 Donación Familia Prof. Alejandro Guzmán Brito. 
583 |a last modification  |c 19980307 00:00:00  |k Rodrigo Vera 
650 0 |a Dictadura   |9 341206 
650 0 |a Historia  |9 255047 
650 0 |a Regímenes políticos  |9 255513 
650 0 |a Teoría del Estado  |9 255507 
650 7 |a DICTADURA COMISARIAL  |2 CL-VaPUC  |9 404435 
650 7 |a DICTADURA DEL PROLETARIADO  |2 CL-VaPUC  |9 319830 
650 0 |a Revolución francesa  |9 324244 
650 7 |a DICTADURA SOBERANA  |2 CL-VaPUC  |9 404436 
700 |a Díaz García, José  |9 866173  |e traducción 
942 |c BK  |2 ddc  |n 0 
945 |d 19980307 00:00:00  |a aolguin 
952 |0 0  |1 0  |4 0  |6 320_530000000000000_SCH_1968  |7 0  |8 A  |9 299619  |a BIBDER  |b BIBDER  |d 2019-11-20  |i 195203K  |o 320.53 SCH 1968  |p 195203K  |r 2023-01-25  |w 2019-11-20  |y BK  |k DER